Visualizzazione normale
Vista MARC
- Lord's Supper
di Topical Term
Records bibliografici associati: 1
001 - CONTROL NUMBER
- control field: 59220
003 - CONTROL NUMBER IDENTIFIER
- control field:
005 - DATE AND TIME OF LATEST TRANSACTION
- control field: 20220924174845.0
008 - FIXED-LENGTH DATA ELEMENTS
- fixed length control field: 220924|| aca||aabn | a|a d
040 ## - CATALOGING SOURCE
- Original cataloging agency:
- Transcribing agency:
150 ## - HEADING--TOPICAL TERM
- Topical term or geographic name entry element: Lord's Supper
- General subdivision: History
670 ## - SOURCE DATA FOUND
- Source citation: Work cat.: ()359510: Al Kalak, Matteo, author. 59219, Mangiare Dio :